[Event "Enniscrone Sligo-ch"]
[Site "Enniscrone"]
[Date "2024.02.04"]
[Round "5"]
[White "Foenander, Phillip"]
[Black "O'Shea, Niall"]
[Result "1/2-1/2"]
[WhiteElo "1514"]
[BlackElo "1709"]
[PlyCount "57"]
[EventDate "2024.02.02"]
[EventType "swiss"]
[EventRounds "5"]
[EventCountry "IRL"]
[SourceTitle "CB08_2024"]
[SourceDate "2024.02.21"]
[SourceVersion "1"]
[SourceVersionDate "2024.02.21"]
[SourceQuality "1"]

1. d4 Nf6 2. c4 e5 3. dxe5 Ng4 4. Nf3 Nc6 5. Bf4 Bb4+ 6. Nbd2 Qe7 7. a3 Ngxe5 8. Nxe5 Nxe5 9. Bxe5 Bxd2+ 10. Qxd2 Qxe5 11. e3 d6 12. Be2 Be6 13. 0-0 0-0 14. f4 Qf6 15. Qd4 Qxd4 16. exd4 Rab8 17. f5 Bd7 18. Rac1 Rfe8 19. Bd3 Re3 20. Rcd1 Ba4 21. Rd2 Rbe8 22. Kf2 b6 23. Re2 Rxe2+ 24. Bxe2 Bc2 25. g4 Re4 26. Re1 Kf8 27. Bf3 Rxe1 28. Kxe1 Bd3 29. Be2 1/2-1/2